Moje prvé maľovanky Užívame si leto

Bibliographic Details
Other Authors: Madarásová, Jitka (Translator)
Format: Book
Language:Slovak
English
PhysicalDescription:12 nečíslovaných strán, 2 nečíslované listy samolepiek farebné ilustrácie 23 cm
Published: Bratislava Svojtka & Co., s.r.o. 2022
ISBN:9788056710029
Edition:Prvé slovenské vydanie
Series:Bystré dieťa
Subjects:

MARC

LEADER 00000nam a2200000 4500
001 vtls012154114
003 SK-MaSNL
005 20260301060138.0
008 221114s2022 xo a a 000 u slo
015 |a SNBA2023/01 
020 |a 9788056710029  |q (brožované) 
040 |a SNK  |b slo  |c SNK  |e rda 
041 1 |a slo  |h eng 
044 |a xo  |c SK 
072 7 |a 821-93  |x Literatúra pre deti a mládež (beletria)  |2 konspekt 
080 |a 821-93  |2 2011 
080 |a (076.1)  |2 2011 
080 |a (084.1.029.2)  |2 2011 
080 |a "322"  |2 2011 
130 0 |a My first Colourings: Enjoying the Summer  |l Slovensky  |9 370899 
245 1 0 |a Moje prvé maľovanky  |p Užívame si leto  |c preklad a redakcia Jitka Madarásová 
246 3 0 |a Užívame si leto 
250 |a Prvé slovenské vydanie 
264 1 |a Bratislava  |b Svojtka & Co., s.r.o.  |c 2022 
300 |a 12 nečíslovaných strán, 2 nečíslované listy samolepiek  |b farebné ilustrácie  |c 23 cm 
336 |a statický obraz  |b sti  |2 rdacontent 
337 |a bez média  |b n  |2 rdamedia 
338 |a zväzok  |b nc  |2 rdacarrier 
490 1 |a Bystré dieťa 
500 |a Na obálke uvedené: so samolepkami 
500 |a Názov z obálky 
500 |a Preložené z anglického vydania 
500 |a Listy so samolepkami všité v strede publikácie 
500 |a Bez textu 
521 8 |a Pre deti od 2 rokov 
650 0 7 |a leto  |2 SNKPH  |9 27086 
650 0 7 |a Summer  |2 SNKPHeng  |9 335787 
655 7 |a pracovné zošity  |2 SNKPH  |9 70188 
655 7 |a samolepky  |2 SNKPH  |9 79151 
655 7 |a publikácie pre deti  |2 SNKPH  |9 70148 
655 7 |a Activity books  |2 SNKPHeng  |9 302885 
655 7 |a Stickers  |2 SNKPHeng  |9 303014 
655 7 |a Publications for children  |2 SNKPHeng  |9 276792 
700 1 |a Madarásová, Jitka  |4 trl  |4 red  |9 207448 
830 0 |a Bystré dieťa  |9 370900 
919 |a 978-80-567-1002-9 
954 |a ilustrované knihy, leporelá, komiksy cudzojazyčné (svetové)  |2 lita 
958 |a DB 
968 |b ENG 
999 |c 614985  |d 616915 
952 |a SNK  |b SNK  |y PREZ  |7 0  |p 17A1515119  |o snkOSC 29766  |i snk2022/17053  |8 0  |0 0  |1 0  |4 0  |d 2022-11-14  |l 0  |r 2026-02-23 16:35:44  |w 2026-02-23 
952 |a SNK  |b SNK  |y PREZ  |7 0  |p 17A1515120  |o snkOSC 29766 D1  |i snk2022/17054  |8 0  |0 0  |1 0  |4 0  |d 2022-11-14  |l 0  |r 2026-02-23 16:35:44  |w 2026-02-23